| 000 | 00968nam a22002655a 4500 | ||
|---|---|---|---|
| 003 | OSt | ||
| 005 | 20170131113405.0 | ||
| 008 | 160922s2013 ua frb 000 0 ara d | ||
| 015 | _22013 / 16855 | ||
| 020 | _a9789770473807 | ||
| 040 |
_aEG-ScBUE _bara _cEG-ScBUE _dEG-ScBUE |
||
| 043 | _af-ua--- | ||
| 082 | 0 | 4 |
_a345.62 _bع ب د _222 |
| 100 | 1 | _aعبد الظاهر، أحمد. | |
| 245 | 1 | 0 |
_aرجعية القانون الأصلح للمتهم في القانون الجنائي الدستوري / _cأحمد عبد الظاهر. |
| 250 | _aط. 2. | ||
| 260 |
_aالقاهرة : _bدار النهضة العربية، _c2013. |
||
| 300 |
_a238 ص. ؛ _c24 سم. |
||
| 504 | _aيشتمل على إرجاعات ببليوجرافية. | ||
| 650 | 7 |
_aقانون الإجراءات الجنائية _zمصر. _2BUEsh _941140 |
|
| 650 | 7 |
_aالقانون الجنائي _zمصر. _2BUEsh _941146 |
|
| 651 | _2BUEsh | ||
| 653 |
_bLLAAWW _cJanuary2017 |
||
| 942 | _2ddc | ||
| 999 |
_c24034 _d24006 |
||